Diccionario avanzado: lengua española. Sinónimos y Antónimos

שמור ב:
מידע ביבליוגרפי
פורמט: ספר
שפה:ספרדית
יצא לאור: Barcelona Biblograf 1998
סדרה:Vox
נושאים:
תגים: הוספת תג
אין תגיות, היה/י הראשונ/ה לתייג את הרשומה!

MARC

LEADER 00000nam a2200000 a 4500
001 UCH5403
003 CL-VaPUC
008 091014e19980000SP |||||||||||||||||spa|d
020 |a 8471539675 
082 0 4 |a 463  |b DIC  |2 21 
245 1 0 |a Diccionario avanzado: lengua española. Sinónimos y Antónimos 
300 |a 647 p 
942 |c BK 
945 |d 20091014 00:00:00  |a lazolas 
260 |a Barcelona  |b Biblograf  |c 1998 
650 0 |a Español  |9 255372 
650 0 |a Sinónimos y antónimos   |9 255373 
650 0 |a Diccionarios  |9 256200 
583 |a last modification  |c 20091014 00:00:00  |k Rodrigo Vera 
490 0 |a Vox 
999 |c 336546  |d 336544